Stell and Maran's textbook of head and neck surgery and oncology / (Record no. 33603)

MARC details
000 -LEADER
fixed length control field 00559nam a22002057a 4500
005 - DATE AND TIME OF LATEST TRANSACTION
control field 20240424103514.0
008 - FIXED-LENGTH DATA ELEMENTS--GENERAL INFORMATION
fixed length control field 230918b |||||||| |||| 00| 0 eng d
020 ## - INTERNATIONAL STANDARD BOOK NUMBER
ISBN 9780340929162
082 ## - DEWEY DECIMAL CLASSIFICATION NUMBER
Classification number 617.510
Item number WAT-S
100 ## - MAIN ENTRY--AUTHOR
Author Name Watkinson John C.
245 ## - TITLE STATEMENT
Title Stell and Maran's textbook of head and neck surgery and oncology /
250 ## - EDITION STATEMENT
Edition statement 5th ed.
260 ## - PUBLICATION, DISTRIBUTION, ETC.
Place of Publication UK:
Name of publisher, distributor, etc. CRC press;
Date of publication, distribution, etc. 2012.
300 ## - PHYSICAL DESCRIPTION
Pages xiv,543p.
490 ## - SERIES STATEMENT
Volume vol 1.
500 ## - GENERAL NOTE
General note Includes Index .
650 ## - SUBJECT ADDED ENTRY--TOPICAL TERM
Subject / Department Medical / Surgery
700 ## - ADDED ENTRY--PERSONAL NAME
Personal name John c watkinson
300 ## - PHYSICAL DESCRIPTION
-- ill;
-- 27cm.
952 ## - LOCATION AND ITEM INFORMATION (KOHA)
-- 0
-- 0
952 ## - LOCATION AND ITEM INFORMATION (KOHA)
-- 0
-- 0
952 ## - LOCATION AND ITEM INFORMATION (KOHA)
-- 0
-- 0
952 ## - LOCATION AND ITEM INFORMATION (KOHA)
-- 0
-- 0
Holdings
Lost status Damaged status Collection code Permanent Location Current Location Shelving Location Date acquired Full Call Number Accession No./Barcode Date last seen Copy number item type Koha item type
    Medical Superior Information Resource Center (SIRC) Superior University- Main Campus Superior Information Resource Center (SIRC) Superior University- Main Campus Surgery 09/18/2023 617.510 JOH-S 2012 20509 03/08/2024 5 BOOK BOOK
    Medical Superior Information Resource Center (SIRC) Superior University- Main Campus Superior Information Resource Center (SIRC) Superior University- Main Campus Surgery 04/24/2024 617.510 JOH-S 2012 5598 04/24/2024 2 BOOK BOOK
    Medical Superior Information Resource Center (SIRC) Superior University- Main Campus Superior Information Resource Center (SIRC) Superior University- Main Campus Surgery 04/24/2024 617.510 JOH-S 2012 5599 04/24/2024 3 BOOK BOOK
    Medical Superior Information Resource Center (SIRC) Superior University- Main Campus Superior Information Resource Center (SIRC) Superior University- Main Campus Surgery 04/24/2024 617.510 JOH-S 2012 5603 04/24/2024 4 BOOK BOOK

Powered by Koha